London General Holdings Ltd v Kingston-upon-Thames Nominees Ltd (Record no. 42544)

MARC details
000 -LEADER
fixed length control field 01007cab a2200217 4500
001 - CONTROL NUMBER
control field ABS48665
008 - FIXED-LENGTH DATA ELEMENTS--GENERAL INFORMATION
fixed length control field 090401t1993 xxu||||| |||| 00| 0 eng d
035 ## - SYSTEM CONTROL NUMBER
System control number (Sirsi) u67897
041 ## - LANGUAGE CODE
Language code of text/sound track or separate title eng
245 ## - TITLE STATEMENT
Title London General Holdings Ltd v Kingston-upon-Thames Nominees Ltd
260 ## - PUBLICATION, DISTRIBUTION, ETC.
Date of publication, distribution, etc. 1993
350 ## - PRICE (NR) (BK AM CF MU VM SE) [OBSOLETE]
Price 0
490 ## - SERIES STATEMENT
Series statement Estates Gazette
Volume/sequential designation (1993) 20 EG 128-130(3)
520 ## - SUMMARY, ETC.
Summary, etc. ChD 1 December 1992. The plaintiff (L), a tenant of a building owned by the defendant (K), claimed a declaration against K that the rent had not been reviewed as from a specific date in May 91. L`s proposal of increased rent had not been acknowledged by K and this was taken as acceptance by L. Subsequently K`s assignees presented a demand for a much larger rent in July 91. L challenged this but the challenge was not upheld.
650 ## - SUBJECT ADDED ENTRY--TOPICAL TERM
Topical term or geographic name entry element CONSTRUCTION OF CLAUSE
650 ## - SUBJECT ADDED ENTRY--TOPICAL TERM
Topical term or geographic name entry element NOTICE OF INTENTION
650 ## - SUBJECT ADDED ENTRY--TOPICAL TERM
Topical term or geographic name entry element RENT REVIEWS
690 ## - LOCAL SUBJECT ADDED ENTRY--TOPICAL TERM (OCLC, RLIN)
Topical term or geographic name as entry element LANDLORD AND TENANT-CASE LAW-RENT REVIEWS
942 ## - ADDED ENTRY ELEMENTS (KOHA)
Suppress in OPAC 0
948 ## - LOCAL PROCESSING INFORMATION (OCLC); SERIES PART DESIGNATOR (RLIN)
c (OCLC) 04/03/1997
Holdings
Withdrawn status Lost status Source of classification or shelving scheme Damaged status Not for loan Home library Current library Shelving location Date acquired Total Checkouts Full call number Barcode Date last seen Copy number Price effective from Koha item type
    Dewey Decimal Classification     London London Journal article 14/09/1999   ABS48665 67897-1001 06/08/2019 1 06/08/2019 Law report